000 01027naa a22002777a 4500
001 BR9504722
003 BR-BrBNA
005 20240918181354.0
007 ta
008 230509b bl.||||| |||| 00| 0 por d
040 _aBR-BrBNA
_bpor
_cBiblioteca Nacional de Agricultura
041 _a(Pt)
072 _aL01; L20
_b7110
090 _aL01 BR9504722
100 1 _aGrossmann, F.
111 1 _a3. Congresso Brasileiro de Apicultura
_cPiracicaba, SP (Brazil)
_d5-7 Sep 1974
245 1 _aO manejo das abelhas atraves de estimulos sensoriais porta aberta para uma apicultura cibernetica
260 3 _aPiracicaba, SP (Brasil):
_c1975.
500 _aAnais do 3. Congresso Brasileiro de Apicultura Piracicaba, SP (Brasil): 1975. p. 245-258 (BR9504722-AM)L01
650 _aAbelha
650 _aManejo
650 _aComportamento Animal
773 0 _tAnais do 3. Congresso Brasileiro de Apicultura
_wL01 BR9504722
_gPiracicaba, SP (Brasil), 1975. p. 245-258
909 _a202404
_bLucia
_c55
_dLucia Elande
942 _cAM
_2AGRIS
999 _c324988
_d324988